Find the intruder - Animals #1 - Statistics

General Stats
  • This quiz has been taken 37 times
  • The average score is 25 of 40
Answer Stats
Question Tile Select % Correct
Find the intruder Giraffe No
100%
Find the intruder Zebra No
100%
Find the intruder Wallaby No
97%
Find the intruder Koala No
88%
Find the intruder Lemur No
85%
Find the intruder Moa No
85%
Find the intruder Platypus No
85%
Find the intruder Black Mamba No
79%
Find the intruder Rabbit No
79%
Find the intruder Tasmanian tiger No
79%
Find the intruder Gila Monster No
76%
Find the intruder Kangaroo No
76%
Find the intruder Meerkat No
76%
Find the intruder Tiger No
76%
Find the intruder Mongoose No
73%
Find the intruder Opossum No
73%
Find the intruder Cassowary No
70%
Find the intruder Dodo No
70%
Find the intruder Emu No
70%
Find the intruder Penguin No
70%
Find the intruder Toucan No
70%
Find the intruder Frog No
67%
Find the intruder Saltwater crocodile No
64%
Find the intruder Tapir Yes
64%
Find the intruder Ferret No
61%
Find the intruder Echidna Yes
58%
Find the intruder Mole No
58%
Find the intruder Dolphin No
55%
Find the intruder Bear Yes
52%
Find the intruder Ostrich No
52%
Find the intruder Hedgehog No
45%
Find the intruder Pelican Yes
45%
Find the intruder Giant panda Yes
39%
Find the intruder Lionfish No
39%
Find the intruder Squirrel Yes
36%
Find the intruder Flea No
33%
Find the intruder Elephant Yes
18%
Find the intruder Anaconda Yes
15%
Find the intruder Orangutan Yes
15%
Find the intruder Manatee Yes
12%
No matching quizzes found
Score Distribution
Percent of People with Each Score
Percentile by Number Answered
Your Score History
You have not taken this quiz